| 000 | 00892nam a2200241 a 4500 | ||
|---|---|---|---|
| 001 | 39415 | ||
| 003 | BD-RjUL | ||
| 005 | 20211209053003.0 | ||
| 008 | 160410r20132009ii a|||| |||| 00| 0 ben d | ||
| 020 |
_a8172670354 _c:TK 330.00 |
||
| 035 | _a(BD-RjUL) | ||
| 040 |
_aBD-RjUL _bben _cBD-RjUL |
||
| 041 | _aben | ||
| 082 |
_223 _a294.5 _bSAA 2013 |
||
| 100 |
_aশংকর _9121503 |
||
| 245 | 1 | 0 |
_aঅমৃতকথাকার শ্রীম : _bশ্রীশ্রীরামকৃষ্ণকথামৃত শ্রীম-কথিত / _cশংকর |
| 260 |
_aকলকাতা : _bসাহিত্যম, _c২০১৩ |
||
| 300 |
_a৫১২ পৃ. ; _bচিত্র _c২২ সেমি. |
||
| 504 | _aচিত্র সম্বলিত | ||
| 650 |
_aহিন্দুত্ত্ববাদ _9121504 |
||
| 650 |
_aHinduism _9118440 |
||
| 942 |
_2ddc _cBK _01 |
||
| 999 |
_c39415 _d39415 |
||